Estrategia marítima y la era nuclear

Salvato in:
Dettagli Bibliografici
Autore principale: Till, Geoffrey (Autore)
Natura: Libro
Lingua:spagnolo
Pubblicazione: Buenos Aires Instituto de Publicaciones Navales 1988
Edizione:2a. ed
Soggetti:
Tags: Aggiungi Tag
Nessun Tag, puoi essere il primo ad aggiungerne!!

MARC

LEADER 00000nam a2200000 a 4500
001 UCO7559
003 CL-VaPUC
008 001117e19880000AG |||||||||||||||||spa|d
082 0 4 |a 359.43  |b TIL  |2 21 
100 0 |a Till, Geoffrey  |e author  |9 452077 
245 1 0 |a Estrategia marítima y la era nuclear 
250 |a 2a. ed 
300 |a 318 p 
942 |c BK 
945 |d 20001117 00:00:00  |a crobeson 
260 |a Buenos Aires  |b Instituto de Publicaciones Navales  |c 1988 
500 |a Donación del profesor Manfred Wilhelmy von Wolff 
650 7 |a ESTRATEGIAS NAVALES  |2 CL-VaPUC  |9 391815 
650 7 |a PODER NAVAL  |2 CL-VaPUC  |9 408186 
650 0 |a Guerra nuclear   |9 318894 
650 0 |a Armas nucleares  |9 334563 
650 0 |a Rutas marítimas  |9 339718 
583 |a last modification  |c 20001117 00:00:00  |k Rodrigo Vera 
999 |c 292450  |d 292448 
952 |0 0  |1 0  |4 0  |6 359_430000000000000_TIL_1988  |7 0  |8 A  |9 343361  |a BIBHIS  |b BIBHIS  |d 2019-11-20  |i 1228374  |l 1  |m 2  |o 359.43 TIL 1988  |p 1228374  |r 2025-01-20  |s 2024-08-28  |w 2019-11-20  |y BK  |k HIS